Estadísticas para Número de cosas - Opción múltiple #5

Haz click aquí para tomar la prueba!

Estadísticas generales

  • Esta prueba ha sido tomada 87 veces
  • La puntuación promedio es 6 de 12

Estadísticas de respuestas

PreguntaRespuesta% Correcto
¿Cuántos colores hay en un arco iris?7
96%
¿Cuántos estados hay en Brasil?26
73%
¿Cuántas rayas hay en la bandera de Estados Unidos?13
69%
¿A cuántas bodas asistieron Hugh Grant y Andie MacDowell?4
65%
¿Cuántas horas queda atrapado un escalador de montañas bajo una roca (interpretado por James Franco en una película)?127
61%
¿Cuántas lunas tiene Júpiter?67
56%
¿Cuántas veces se casó Elizabeth Taylor?8
49%
¿Cuántos países hay en los 'Países nórdicos'?5
43%
¿Cuál es el número más desafortunado en China?4
39%
¿Cuántos países sin litoral hay en el mundo?45
38%
¿Cuál era el número de jugador de Wayne Gretzky?99
34%
¿Cuántos hijos tuvieron Ethel y Robert F. Kennedy?11
21%

Distribución de puntuación

Porcentaje por número respondido

Porcentaje de gente con cada puntuación

Historial de tus puntuaciones

No has tomado esta prueba